000 00456nam a2200169 a 4500
001 000037738
005 20201002031116.0
008 130305s1986 sp 000 0 spa d
020 _a8433961586
040 _aDO-SdBNP
_bspa
_cBNPHU
100 1 _aPiglia, Ricardo
_964202
245 1 0 _aCrítica y ficción /
_cRicardo Pligia.
260 _aBarcelona :
_bAnagrama,
_c1986.
300 _a226 p. ;
_c23 cm.
490 1 _aArgumentos
830 0 _aArgumentos
_98962
999 _c37228
_d37228